000 00772nam a2200265Ia 4500
005 20260121173636.0
008 008 260114s9999 xx 000 0 eng d
020 _a9789812875303
037 _aEBOOK
040 _aCRL
040 _beng
040 _cCRL
041 _2eng
041 _aeng
084 _qCRL
100 _aOskar Hasdinor Hassan Shahriman Zainal Abidin Rusmadiah Anwar Muhamad Fairus Kamaruzaman
_91103402
245 0 _aProceedings of the International Symposium on Research of Arts Design and Humanities (ISRADH 2014)
260 _bSpringer
260 _bSpringer
260 _c2015
856 _uhttps://link.springer.com/openurl?genre=book&isbn=978-981-287-530-3
942 _cEBOOK
999 _c1669147
_d1669147